000 00438nam a2200181Ia 4500
001 3809
005 20260306145710.0
008 260306t2007||||xx |||||||||||||| ||spa||
041 _aESP
082 _a303.4833
_bL89
100 _aLorente Arenas , Santiago
_eAUT
245 0 _aLa comunicación digital de vecinos
260 _c2007
300 _a344 pƔginas :
_c23 cm.
650 _aGEN
654 _aCHU
942 _cLIB
_dJUS
_fJUS
_2ddc
_n
999 _c3809
_d3809